| 000 | 00694pam a22001814a 4500 | ||
|---|---|---|---|
| 020 | _a0071412867 (hardcover : alk. paper) | ||
| 040 | _cDLC | ||
| 082 | 0 | 0 | _a658 MCG 2005 A048 Or. |
| 100 | 1 | _aBerry, John, | |
| 245 | 1 | 0 |
_aTangible strategies for intangible assets : _bhow to manage and measure your company's brand, patents, intellectual property, and other sources of value / |
| 260 |
_aNew York : _bMcGraw-Hill, _cc2005. |
||
| 300 |
_aix, 325 p. : _bill. ; _c24 cm. |
||
| 650 | 0 | _aIntangible property | |
| 650 | 0 | _aIntangible property | |
| 856 | 4 | 2 | _uhttp://www.loc.gov/catdir/description/mh051/2004012351.html |
| 856 | 4 | 2 | _uhttp://www.loc.gov/catdir/bios/mh051/2004012351.html |
| 942 | _cEK | ||
| 999 |
_c13748 _d13748 |
||